[Event "Elite Hotels Open 2019"]
[Site "Vaxjo"]
[Date "2019.02.08"]
[Round "2.12"]
[White "Attefall, Fredrik"]
[Black "Seo, Jung Min"]
[Result "1-0"]
[WhiteElo "1993"]
[BlackElo "2368"]
[Annotator "TA"]
[PlyCount "110"]
[EventDate "2019.02.08"]
[EventType "swiss"]
[EventCountry "SWE"]
[SourceTitle "playchess.com"]
[Source "ChessBase"]
[SourceQuality "1"]

{[%evp 14,110,-8,-27,9,6,20,-5,-5,-65,15,15,24,22,20,0,19,7,35,16,38,19,45,51,70,0,0,0,20,30,40,-13,-12,-93,-93,-87,-94,-102,-26,-32,-34,-56,-22,-27,-14,-13,0,0,0,-26,0,-6,-12,0,0,-80,-87,-114,-112,-107,-68,-177,-177,-363,-380,-431,-277,-696,-677,-616,-226,-852,-852,-843,-760,-5164,-5177,-5089,-4132,-2115,-1961,-1341,-291,-6606,-6429,-6256,-6315,-6902,-6808,-6443,-6275,-29975,-29976,-29975,-29977,-29978,-29979,-29981,-29982]} 1. c4 Nf6 2. Nc3 e5 3. Nf3 Nc6 4. d4 exd4 5. Nxd4 Bb4 6. Bg5 O-O 7. Rc1 h6 8. Bh4 Ne5 {A28: English Opening: Four Knights Variation} 9. e3 Ng6 10. Bg3 Ne4 {The position is equal.} 11. Bd3 ({Better is} 11. Nde2 $11) 11... Nxc3 $146 (11... Bxc3+ $1 $15 12. bxc3 Nxg3 13. hxg3 Ne5) ({Predecessor:} 11... Bxc3+ 12. bxc3 Nxg3 13. hxg3 Ne5 14. Bb1 d6 15. Rh4 Bd7 {½-½ (29) Sunye Neto,J (2486)-Leitao,R (2603) Sao Paulo 2007}) 12. bxc3 $11 Ba3 13. Rb1 $36 {[%mdl 2048] aiming for Nb5. White has the initiative.} d6 14. Qh5 Qf6 15. O-O c6 16. Rfd1 Ne5 17. Be2 (17. Bh4 {keeps more tension.} g5 18. Bg3 Nxd3 19. Rxd3 Re8 20. Rd2) 17... Qg6 18. Qxg6 fxg6 19. Bxe5 (19. Nf3 $14) 19... dxe5 20. Nf3 e4 21. Ne5 Kh7 22. Rb3 (22. Nd7 $14 Rf5 23. c5) 22... Be7 $1 23. f3 (23. Rb2 $11) 23... Bc5 $17 24. Kf2 Rf5 25. Nd7 exf3 (25... Bxd7 $1 $17 26. Rxd7 b6) 26. Bxf3 $11 Be7 27. g4 Ra5 28. Rb2 Ra3 29. Rd3 Kg8 30. Be4 g5 31. Bg6 Ra5 32. Kf3 b6 33. Be4 Bb7 34. c5 (34. Rbd2 $11) 34... Bxc5 $17 35. Nxc5 Rxc5 36. Rd7 Rf8+ 37. Kg3 {[#]} (37. Kg2 $15 Re5 38. Bf5) 37... Re5 $1 $19 ({Don't take} 37... Rxc3 38. Rb3 $17) 38. Bf3 $2 (38. Rxb7 {was worth a try.} Rxe4 39. Re2) 38... Rxe3 39. Rf2 Rf7 40. Rd8+ $2 (40. Rxf7 Kxf7 41. Kg2) 40... Kh7 41. Kg2 {[#]} g6 $2 (41... Rfxf3 $1 42. Rxf3 c5) 42. c4 $2 {[#]} (42. Bd5 Rfe7 43. Rf7+ Rxf7 44. Bxf7 c5+ 45. Kg1) 42... Rexf3 $1 43. Rxf3 {[%mdl 4096] Endgame KRR-KRB} c5 44. Rdd3 Rxf3 45. Rxf3 {KR-KB} h5 46. Kg3 Bxf3 47. Kxf3 {KP-KP} Kg7 48. h3 $2 (48. Ke4) 48... Kf6 49. Ke4 Ke6 50. a3 a6 51. a4 Kd6 52. gxh5 gxh5 {Black mates.} 53. Kf5 {[#]} g4 $1 {[%mdl 64] Deflection} 54. hxg4 hxg4 55. Kxg4 Ke5 {[%mdl 32768] Accuracy: White = 26%, Black = 59%. . Sensor Board Error (Ke4/e5)?} 1-0

[Event "Elite Hotels Open 2019"]
[Site "Vaxjo"]
[Date "2019.02.08"]
[Round "2.13"]
[White "Dragicevic, Drazen"]
[Black "Rasti, Arvin"]
[Result "1-0"]
[WhiteElo "2339"]
[BlackElo "1952"]
[Annotator "TA"]
[PlyCount "39"]
[EventDate "2019.02.08"]
[EventType "swiss"]
[EventCountry "SWE"]
[SourceTitle "playchess.com"]
[Source "ChessBase"]
[SourceQuality "1"]

{[%evp 22,39,59,53,70,23,54,51,334,334,403,338,569,602,606,600,658,651,639,629]} 1. Nf3 Nf6 2. g3 g6 3. Bg2 Bg7 4. O-O O-O 5. d4 d5 6. Ne5 Nbd7 7. c4 c6 8. Nc3 Nxe5 9. dxe5 Nd7 10. cxd5 Nxe5 11. Qb3 cxd5 12. Nxd5 Nc6 {D79: Fianchetto Grünfeld: Symmetrical Variation (6 0-0 c6 7 cxd5 cxd5)} (12... e6 13. Nc3 Rb8 14. Rd1 Qe7 15. Ne4 Nc6 16. Bg5 Qc7 17. Rac1 e5 18. Nf6+ Kh8 19. Qa4 h5 20. Qh4 Qa5 21. Nxh5 gxh5 22. Qxh5+ Kg8 23. Be4 Re8 24. Qh7+ Kf8 25. Bh6 {1-0 (25) Karthikeyan,M (2591)-Ritviz,P (2338) Jammu 2018}) 13. Rd1 Nd4 $146 ({Predecessor:} 13... e5 14. Bd2 Nd4 15. Qd3 Bf5 16. e4 Bg4 17. f3 Be6 18. Nc3 Rc8 19. Be3 Qd7 20. Rac1 {0-1 (40) Pettersen,J (1724)-Lehtosaari,K (2070) Gausdal 2007}) 14. Qc4 {[#] Bg5 is the strong threat.} b5 $2 {[%mdl 8192]} (14... e5 $14) 15. Qc5 $18 Re8 {intending ...e5.} 16. Bg5 Rb8 $2 (16... Be6 17. Rxd4 Bxd4 18. Qxd4 Bxd5) 17. Nxe7+ {White is clearly winning.} Rxe7 18. Bxe7 Qb6 19. Qxb6 axb6 20. Bd6 1-0

[Event "Elite Hotels Open 2019"]
[Site "Vaxjo"]
[Date "2019.02.08"]
[Round "2.14"]
[White "Olsson, Thomas"]
[Black "Bellon Lopez, Juan Manuel"]
[Result "0-1"]
[WhiteElo "1980"]
[BlackElo "2336"]
[Annotator "TA"]
[PlyCount "122"]
[EventDate "2019.02.08"]
[EventType "swiss"]
[EventCountry "SWE"]
[SourceTitle "playchess.com"]
[Source "ChessBase"]
[SourceQuality "1"]

{[%evp 16,122,64,33,31,34,56,59,112,112,119,122,93,52,50,50,93,101,170,167,194,208,196,153,187,128,130,83,74,79,89,20,79,99,91,80,81,0,0,0,0,0,0,0,0,-85,28,9,10,14,31,14,78,53,448,0,0,0,0,0,0,0,46,46,136,120,129,124,250,242,222,81,90,80,114,45,64,67,111,88,122,106,152,141,163,166,159,149,154,141,137,12,18,8,8,0,24,0,0,-134,-134,-134,-134,-134,-137,-29974,-29974,-29968,-5117]} 1. e4 c5 2. d4 cxd4 3. Nf3 e6 4. Nxd4 a6 5. Nc3 Qc7 6. Be2 b5 7. Bf3 Bb7 8. O-O d6 9. Re1 (9. a4 $5 {[%cal Ra4b5]}) 9... Nd7 {B43: Sicilian: Kan Variation: 5 Nc3} 10. a4 (10. g3 Ngf6 11. Bg2 Be7 12. a3 O-O 13. g4 Nb6 14. g5 Nfd7 15. f4 Rfe8 16. f5 Bf8 17. fxe6 fxe6 {1-0 (36) Onischuk,V (2612)-Hou,Y (2671) Bastia 2015}) 10... b4 11. Na2 $1 e5 (11... Ngf6 $14) 12. Nf5 $16 g6 $146 ({Predecessor:} 12... a5 13. c3 g6 14. Ne3 bxc3 15. Nxc3 Ngf6 16. Nb5 Qc6 17. Bd2 {1-0 (35) Onoprienko,V (2295)-Thesing,M (2440) Pardubice 1996}) 13. Ne3 a5 14. Nd5 Bxd5 15. Qxd5 Rc8 16. c3 Ne7 (16... Ngf6 $16 17. Qd1 b3) 17. Qd1 $1 $18 Nc6 18. cxb4 axb4 19. Bd2 Rb8 20. Rc1 ({White should try} 20. Be2 $18) 20... Nc5 $16 21. Be3 Be7 22. Be2 O-O 23. Bc4 (23. Bb5 $16) 23... Qa5 (23... Nxe4 $11 24. Bh6 Nc5) 24. b3 Nd8 25. Bh6 Re8 26. Bb5 ({White should play} 26. Qf3 $16) 26... Rxb5 $11 27. axb5 {Strongly threatening Rxc5!} Nde6 $1 ({Don't blunder} 27... Qxa2 $2 28. Rxc5 $1 {[%mdl 512]} Bf8 29. Rc2 $18) 28. Ra1 {And now Nc3! would win.} Qxb5 29. Nc1 Nd4 30. Ne2 (30. Be3 $11) 30... Ncxb3 (30... Ndxb3 $17 31. Rb1 Qc4) 31. Nxd4 Nxd4 32. Be3 Ne6 33. Qb3 Nc5 (33... Rb8 $11 {keeps the balance.}) 34. Qd5 $1 $16 Qd3 $2 {[%mdl 8192]} (34... Rb8 $14) 35. Ra8 $2 ({White has to play} 35. Bxc5 $18 Qxd5 36. exd5) 35... Rxa8 $11 36. Qxa8+ Kg7 37. Qa7 Bf8 38. h4 h5 39. Qb8 $36 {[%mdl 2048] Hoping for Bh6+! White fights for an advantage.} Ne6 (39... Be7 $14) 40. Qxb4 $16 Be7 41. g3 f5 (41... Bd8 $16 42. Qa4 Nd4 43. Bxd4 exd4) 42. exf5 $18 gxf5 43. Qd2 (43. Ra1 $18 {is more deadly. Black must now prevent Qb7.} Qe4 44. Qb8 (44. Qxe4 fxe4 45. Ra7 Kf8 $18)) 43... Qxd2 $16 44. Bxd2 {[%mdl 4096] Endgame KRB-KBN} Kf6 45. Bc3 (45. Kg2 $16) 45... Kf7 46. Kg2 Nc5 47. Ra1 Ne4 48. Bb2 Nd2 49. Ra8 Nc4 50. Bc1 $1 d5 51. Kf1 d4 52. Ke2 e4 {[#]} 53. Rc8 (53. Rh8 $1 $16) 53... d3+ 54. Kd1 Ne5 55. Bd2 Ke6 56. Rh8 Bc5 57. Be3 {[#]} ({Avoid the trap} 57. Rxh5 $2 Bxf2 58. Rh8 e3 $19) (57. Re8+ $11 {remains equal.} Kd5 58. Rd8+ Kc4 59. Rc8) 57... Bxe3 $1 $17 58. fxe3 Nc4 59. Rxh5 Nxe3+ 60. Kc1 $2 {[%mdl 8192]} (60. Ke1 $17) 60... Nc4 61. Rh8 e3 {Accuracy: White = 49%, Black = 37%.} 0-1

[Event "Elite Hotels Open 2019"]
[Site "Vaxjo"]
[Date "2019.02.08"]
[Round "2.15"]
[White "Kucuksari, Kaan"]
[Black "Grahn, Vidar"]
[Result "1-0"]
[WhiteElo "2301"]
[BlackElo "1937"]
[Annotator "TA"]
[PlyCount "89"]
[EventDate "2019.02.08"]
[EventType "swiss"]
[EventCountry "SWE"]
[SourceTitle "playchess.com"]
[Source "ChessBase"]
[SourceQuality "1"]

{[%evp 23,88,60,85,0,28,19,54,-16,75,81,66,43,149,140,158,149,162,163,167,168,167,153,160,141,520,522,509,500,486,450,443,370,389,385,379,372,498,482,685,680,825,788,812,760,915,933,980,995,1016,885,794,877,971,634,522,459,29961,29959,29988,29989,29996,29997,29997,29998,29998,29999,29999]} 1. d4 Nf6 2. c4 c5 3. d5 b5 4. cxb5 g6 5. Nc3 a6 6. bxa6 Bxa6 7. g3 Bg7 8. e4 Bxf1 9. Kxf1 d6 10. Kg2 O-O 11. Nf3 Nbd7 12. Qe2 Qb6 13. Nd2 {A59: Benko/Volga Gambit: White castles by hand} (13. a4 $16) (13. a4 Rfb8 14. Nb5 Ne8 15. Bg5 Qd8 16. Ra3 Nb6 17. b3 Qd7 18. Ra2 f6 19. Bc1 f5 20. exf5 gxf5 {1-0 (40) Carlsen,M (2837)-Bologan,V (2732) Biel 2012}) 13... Rfb8 14. a4 Ne8 $146 ({Predecessor:} 14... Qa6 15. Qxa6 Rxa6 16. f4 Nb6 17. Ra2 Nfd7 18. a5 Bxc3 19. bxc3 Rba8 20. Bb2 Rxa5 21. Rxa5 Rxa5 {0-1 (43) Green,D-Franco Ocampos,Z Buenos Aires 1973}) 15. Nc4 (15. Nb5 $14) 15... Qb7 (15... Qa6 $1 $11 {remains equal.} 16. Bd2 Rb4) 16. Bg5 $16 Ne5 17. Ra2 h6 (17... Qa6 $14 18. Nxe5 Qxe2 19. Nxe2 Bxe5) 18. Nxe5 {[%mdl 64] [#] Overworked Piece} Bxe5 19. Bxh6 Qb3 20. Rha1 Bxc3 21. bxc3 Qxc3 22. h4 Nf6 23. a5 Rb4 $2 {[%mdl 8192]} (23... Rb3 $16 24. a6 Ra7) 24. Bd2 $18 {[%mdl 64] [#] Skewer} Qd4 25. Bxb4 cxb4 26. Qe3 Qc4 27. Re2 {[%cal Ba2e2,Be2e3,Be3b3][%mdl 32]} Ng4 28. Qd2 Nf6 29. Qc2 Qa6 30. Re3 Rc8 (30... Qb5 $142 31. a6 Qc5 32. Qxc5 dxc5) 31. Qe2 Qa7 32. a6 Nd7 33. h5 Ne5 34. hxg6 fxg6 35. Rb3 Qd4 36. Rd1 Qb6 37. Rdb1 Rc4 38. Qe3 Qxa6 39. Rxb4 Rc2 (39... Rxb4 $18 40. Rxb4 Qc8) 40. Rb8+ {White mates.} Kg7 41. R1b7 Ng4 42. Rxe7+ Kf6 43. Qf4+ {[%mdl 64] Double Attack} Kxe7 44. Qf8+ Kd7 45. Qf7# {Accuracy: White = 64%, Black = 24%.} 1-0

[Event "Elite Hotels Open 2019"]
[Site "Vaxjo"]
[Date "2019.02.08"]
[Round "2.16"]
[White "Winfridsson, Hakan"]
[Black "Johansson, Gunnar"]
[Result "1/2-1/2"]
[WhiteElo "1971"]
[BlackElo "2259"]
[Annotator "TA"]
[PlyCount "114"]
[EventDate "2019.02.08"]
[EventType "swiss"]
[EventCountry "SWE"]
[SourceTitle "playchess.com"]
[Source "ChessBase"]
[SourceQuality "1"]

{[%evp 17,114,9,10,-20,7,-8,-11,-13,-14,-37,-19,-21,0,0,0,5,4,0,6,0,87,0,0,-51,-45,-202,-64,-64,-29,-22,-28,-83,-72,-89,-89,-99,-96,-168,-151,-152,-139,-154,-148,-167,-127,-127,-127,-127,-127,-127,-129,-322,-172,-204,-199,-228,-219,-311,-309,-304,-307,-446,-435,-365,-264,-375,-403,-403,-403,-639,-639,-627,-625,-632,-629,-625,-622,-604,-578,-522,0,-625,-613,-852,-803,-838,-809,-772,-705,-829,-822,-1183,-1087,-2769,-2243,-29959,-12851,-5724,-5143]} 1. e4 c5 2. Nf3 e6 3. d4 cxd4 4. Nxd4 Nc6 5. Nc3 Qc7 6. Be3 a6 7. Be2 b5 8. O-O Bb7 9. a3 Nf6 10. Qd2 {B49: Sicilian: Taimanov: 5 Nc3 Qc7 6 Be3 a6 7 Be2} (10. f4 d6 11. Bf3 Be7 12. f5 Nxd4 13. Qxd4 O-O 14. fxe6 fxe6 15. Rad1 Nd7 16. Bg4 Nc5 17. b4 e5 18. Nd5 Rxf1+ 19. Rxf1 {1-0 (63) Savchenko,B (2602)-Dubov,D (2624) Moscow 2013}) 10... Rc8 11. Rad1 Be7 12. Rfe1 $146 {The position is equal.} ({Predecessor:} 12. Nb3 d6 13. Bf4 Rd8 14. Bd3 O-O 15. Qe2 b4 16. Nb1 a5 17. a4 {½-½ (60) Ehsandar,P (1978)-Taylor,R (1847) Cardiff 2018}) 12... O-O 13. h3 Na5 14. Bd3 Nc4 15. Bxc4 $1 Qxc4 16. e5 Nd5 {[%cal Rd5c3]} 17. Nxd5 Bxd5 18. c3 d6 {[#]} (18... Bd8 $11 {keeps the balance.}) 19. exd6 (19. Nf5 $1 $16 {[%cal Rf5e7][%mdl 512]} exf5 20. Qxd5 Qxd5 21. Rxd5 dxe5 22. Rxe5 {[%mdl 64] Double Attack}) 19... Bxd6 $11 20. Qe2 (20. Bf4 $11 Rfd8 21. Bxd6 Rxd6 22. Qd3) 20... Qc7 $15 21. Nf5 $2 (21. Bg5 $15) 21... Bh2+ ({Black should try} 21... Bc4 $1 $19 22. Nh6+ Kh8) 22. Kh1 Bxg2+ 23. Kxg2 {Hoping for Nxg7!} exf5 24. Bd4 (24. Rd5 $11 {remains equal.}) 24... Bd6 25. Qh5 {[#] aiming for Bxg7!} g6 $1 {[%cal Rg6h5]} 26. Qg5 {Black must now prevent Qf6.} Bc5 27. Bf6 (27. Qf6 $17 Bxd4 28. Rxd4) 27... Rfe8 28. f3 Bf8 29. Rxe8 Rxe8 30. Qd2 Bg7 31. Bxg7 Kxg7 $17 {[%mdl 4096] Endgame KQR-KQR} 32. Qd4+ Kg8 33. Rd2 Qe7 34. Kf2 $2 (34. h4 $17 {was called for.}) 34... Qe1+ $19 ({Weaker is} 34... f4 35. Qxf4 Qe1+ 36. Kg2 $17) 35. Kg2 h5 36. Rf2 Qe7 37. h4 {[#]} (37. Rd2 $142) 37... Rd8 $1 {[%cal Rd8d4]} 38. Qf4 Rd1 39. a4 (39. Qb8+ $142 Kh7 40. Qf4) 39... Qe1 {( -> ...Qh1+)} 40. Kg3 Kg7 41. axb5 (41. a5 {was the only defense.}) 41... axb5 {[%cal Ba6b5,Bb5b4][%mdl 32]} 42. c4 b4 43. c5 (43. b3 $142) 43... Qg1+ 44. Rg2 Qxc5 45. b3 Qd6 46. Qxd6 Rxd6 {KR-KR} 47. Rb2 Rd4 48. Kh3 f4 $2 (48... Rd3 $19 49. Kg3 Kf6) 49. Kg2 $2 {[%mdl 8192]} (49. Rd2 $11 Rxd2) 49... Rd3 50. Kf2 Kf6 51. Ke2 Rc3 52. Kf2 Kf5 53. Kg2 f6 54. Kf2 g5 55. hxg5 fxg5 56. Kg2 g4 57. fxg4+ hxg4 {[%mdl 32768] Accuracy: White = 24%, Black = 58%. . An unexpected result.} 1/2-1/2

[Event "Elite Hotels Open 2019"]
[Site "Vaxjo"]
[Date "2019.02.08"]
[Round "3.1"]
[White "Hillarp Persson, Tiger"]
[Black "Ask, Josef"]
[Result "1/2-1/2"]
[WhiteElo "2558"]
[BlackElo "2164"]
[Annotator "TA"]
[PlyCount "131"]
[EventDate "2019.02.08"]
[EventType "swiss"]
[EventCountry "SWE"]
[SourceTitle "playchess.com"]
[Source "ChessBase"]
[SourceQuality "1"]

{[%evp 16,131,56,0,39,14,15,21,28,20,29,29,28,27,19,38,26,32,58,56,66,55,70,48,128,120,135,129,127,118,125,118,110,79,80,68,121,122,135,147,276,277,243,125,125,86,100,110,116,46,85,0,44,48,83,83,79,14,23,24,14,15,35,-12,0,0,16,16,51,16,44,0,0,-55,0,-40,0,0,0,-147,0,-7,0,-2,0,0,0,0,0,0,0,0,8,8,8,8,8,8,8,3,3,3,36,3,3,-50,-50,-50,-50,-50,-8,-8,-8,-69,-8,-8,-8,-8]} 1. d4 Nf6 2. c4 d6 3. Nc3 Nbd7 4. Nf3 e5 5. e4 Be7 6. g3 c6 7. Bg2 O-O 8. O-O a6 9. d5 (9. a4 $14) 9... Nc5 {A55: Old Indian Defence with Nf3 and e4} (9... cxd5 10. cxd5 b5 11. Re1 Nb6 12. b3 Qc7 13. Bd2 Bd7 14. Rc1 Qb7 15. Bf1 Rfc8 16. Nh4 Rc7 17. f3 Ne8 18. Ng2 Rac8 {½-½ (42) Huebner,R (2605)-Hickl,J (2598) Switzerland 2008}) 10. Ne1 cxd5 11. cxd5 b5 12. b4 Ncd7 13. a4 bxa4 14. Nxa4 Nb6 15. Nb2 $146 ({Predecessor:} 15. Nxb6 Qxb6 16. Nc2 Bg4 17. Qd3 {0-1 (53) Eckert,D (2135)-Young,A (2295) Saint Louis 2017}) 15... Bd7 16. Nc2 Bb5 17. Re1 Qd7 18. Na3 Rfc8 19. Nxb5 Qxb5 (19... axb5 $14 20. Be3 Rxa1 21. Qxa1 Bd8) 20. Bd2 $16 Nc4 21. Nxc4 Qxc4 22. Ra4 Qc2 23. f3 Bd8 24. Qxc2 (24. Bf1 {seems wilder.} Bb6+ 25. Kg2 Qxd1 26. Rxd1 Rc2 27. Bd3) 24... Rxc2 25. Be3 Nd7 {[#]} (25... Rb2 $1 $14) 26. Rea1 $1 Rb2 27. Rxa6 Rb1+ (27... Rxa6 $16 28. Rxa6 Nb8) 28. Rxb1 $18 Rxa6 29. Rc1 (29. b5 $18 Ra3 30. Bf2) 29... Kf8 $16 30. Rc6 Ra1+ 31. Bf1 Ke7 32. f4 (32. Kf2 $16) 32... Rb1 $14 {[#]} 33. b5 (33. Bc1 $1 $16) 33... Rb3 34. Bf2 f6 35. Ra6 Rb1 36. Kg2 (36. fxe5 $16 fxe5 37. Be3) 36... Rb2 $11 37. Kf3 Rb3+ 38. Kg4 g6 39. Bh3 Rxb5 40. Ra7 Ke8 41. Kf3 Nf8 42. fxe5 fxe5 43. Bf1 Rb3+ 44. Kg4 (44. Kg2 $11) 44... h5+ 45. Kh3 g5 46. Bc4 Rb4 47. Bd3 (47. Ra4 $11 {keeps the balance.} Rb2 48. Ra2) 47... g4+ ({Black should try} 47... Rb2 $17 {Threatens to win with ...g4+.} 48. g4 Rb3) 48. Kg2 $132 {[%mdl 2048] White has counterplay} Rb2 {White must now prevent ...Bb6.} 49. Ra6 Ke7 50. Kf1 Nd7 51. Be3 Rb3 52. Bg5+ Ke8 53. Ra8 Rb8 54. Rxb8 Nxb8 {[%mdl 4096] Endgame KBB-KBN} 55. Bb5+ Nd7 56. Be3 Ke7 57. Kg2 Nf6 58. Bg5 Bb6 59. h3 {And now h4 would win.} Kf7 60. hxg4 ({White should play} 60. Bd3 $11) 60... Nxe4 $15 61. Bh4 hxg4 62. Be2 Nc3 63. Bxg4 Nxd5 {Strongly threatening ...Ne3+.} 64. Bg5 (64. Bh5+ $1 $11 Kg7 65. Kf3) 64... Be3 (64... e4 $15 65. Bc8 Kg6) 65. Bf3 $11 Bxg5 66. Bxd5+ {Accuracy: White = 47%, Black = 48%.} 1/2-1/2

[Event "Elite Hotels Open 2019"]
[Site "Vaxjo"]
[Date "2019.02.08"]
[Round "3.2"]
[White "Svensson, Mikael"]
[Black "Blomqvist, Erik"]
[Result "0-1"]
[WhiteElo "2128"]
[BlackElo "2483"]
[Annotator "TA"]
[PlyCount "204"]
[EventDate "2019.02.08"]
[EventType "swiss"]
[EventCountry "SWE"]
[SourceTitle "playchess.com"]
[Source "ChessBase"]
[SourceQuality "1"]

{[%evp 11,204,0,4,-5,24,0,14,-14,-12,-6,1,-26,-24,-37,1,0,8,5,8,8,8,0,0,-5,-3,-3,-11,-14,-5,-19,0,0,0,0,0,0,-5,-15,-15,-14,-13,-15,-10,-18,-18,-20,0,-11,0,0,0,-12,0,-21,-5,-16,0,-20,0,-16,-15,-19,0,0,0,0,0,0,0,0,0,-10,-12,-116,-116,-117,-124,-135,-124,-118,-115,-129,-118,-276,-276,-304,-310,-279,-270,-546,-546,-546,-546,-528,-513,-1630,-506,-506,-506,-506,-159,-718,-506,-470,-268,-275,-268,-262,-251,-470,-470,-5181,-5144,-4685,-5073,-4474,-4235,-2333,-1720,-703,-790,-29959,-29961,-29965,-29966,-29966,-29967,-29967,-29968,-29968,-29969,-29969,-29969,-29968,-29966,-29967,-29967,-29968,0,-29966,-29964,-29967,-29966,-29968,-29969,-29969,-29968,-29968,0,-29966,-29966,-29963,-29965,-29966,0,-29961,-29962,-29964,-29965,-29965,-29964,-29965,-29964,-29959,-8,-8,-8,-29958,0,0,0,-29958,-29959,-29964,-29964,-29966,-29964,-29968,-29967,-29974,-29971,-29988,-29975,-29974,-29976,-29974,-29975,-29975,-29975,-29975,-29977,-29977,-29978,-29977,-29976]} 1. d4 d5 2. Nf3 Nf6 3. c4 c6 4. e3 Bg4 5. Nc3 e6 6. Qb3 Qc7 7. Ne5 {D11: Slav Defence: 3 Nf3 sidelines and 3...Nf6 4 e3 Bg4} (7. Nh4 Be7 8. h3 Bh5 9. g4 Bg6 10. Nxg6 hxg6 11. Bg2 Nbd7 12. cxd5 exd5 13. Qc2 Bd6 14. Bd2 O-O-O {0-1 (28) Dreev,A (2653)-Korobov,A (2652) Riadh 2017}) 7... Bh5 8. Bd3 (8. f4 {is interesting.} Nbd7 9. Bd2 Be7 10. Bd3 dxc4 11. Qxc4 a6 12. a4) 8... Nbd7 9. Nxd7 {The position is equal.} (9. f4 {keeps more tension.} Bg6 10. Be2 Nxe5 11. fxe5 Nd7 12. cxd5 exd5 13. O-O) 9... Qxd7 10. O-O Be7 $146 ({Predecessor:} 10... Bd6 11. e4 dxc4 12. Bxc4 e5 13. d5 O-O 14. a4 cxd5 15. Bxd5 {1-0 (22) Moshkov,V (2217)-Jovic,S (2255) Novi Sad 2017}) 11. e4 dxc4 12. Bxc4 O-O 13. e5 Nd5 14. Nxd5 cxd5 15. Bb5 Qd8 16. Be3 Qb6 17. Rac1 Rfc8 18. Ba4 Qxb3 19. Bxb3 Bd8 20. Ba4 a6 21. f4 b5 22. Bc2 f5 23. exf6 Bxf6 24. Bd3 Bg4 25. Kf2 Bf5 26. Be2 Be4 27. g4 Bh4+ 28. Kg1 Be7 29. Kf2 Bd6 (29... Kf7 {feels hotter.} 30. Bf3 Bd3 31. Rfd1 Bc2 32. Rg1 g6) 30. Bf3 Bxf3 31. Kxf3 Kf7 32. h3 Ke7 33. Ke2 Kd7 34. Kd3 Rc4 35. b3 Rxc1 36. Bxc1 $11 {[%mdl 4096] Endgame KRB-KRB} a5 37. f5 exf5 38. Rxf5 Ke6 39. Rf2 a4 40. Re2+ Kd7 41. bxa4 Rxa4 42. Rb2 (42. Rf2 $11) 42... Ba3 $17 43. Rc2 Bxc1 44. Rxc1 Rxa2 {KR-KR} 45. Rc5 Ra3+ 46. Ke2 Rxh3 47. Rxd5+ $2 (47. Rxb5 $17 Kc6 48. Rc5+ Kd6 49. Ra5) 47... Kc6 $19 48. Rg5 g6 $1 49. Rc5+ Kb6 50. g5 $2 (50. Kd2 {might work better.}) 50... b4 51. Kd2 b3 52. Kc1 Rh2 53. Rd5 (53. Kb1 $142 Rg2 54. Re5) 53... Kc6 (53... Rc2+ $142 54. Kb1 Kc6) 54. Rc5+ Kd6 55. Rb5 Rg2 $2 (55... Rc2+ $19 {is more deadly.} 56. Kb1 Rg2) 56. Kb1 $2 (56. Rxb3 $17 Rxg5 57. Rb7) 56... Kc6 57. Rc5+ Kb6 58. Kc1 b2+ 59. Kb1 Rd2 60. Rd5 $2 (60. Rc8) 60... Kc6 61. Rc5+ (61. Rd8 $142 Rg2 62. Rh8) 61... Kd6 62. Ra5 Rxd4 63. Kxb2 Ke6 64. Kc3 {[#]} Rd5 $1 {[%cal Rd5a5]} 65. Ra7 Kf5 66. Rxh7 Kxg5 67. Re7 Kf4 68. Rf7+ Kg4 69. Kc4 Rd8 70. Rf1 g5 71. Rg1+ Kf5 72. Rf1+ Kg6 73. Rg1 Rd7 74. Kc3 Rd8 75. Kc4 Rd6 76. Kc3 Kf6 77. Rf1+ Ke5 78. Rg1 Kf5 79. Rf1+ Kg6 80. Rg1 Rd5 81. Kc4 Rd8 82. Kc3 Rd5 83. Kc4 {[#]} Rd2 $1 84. Kc3 Rd6 85. Kc4 Kf6 86. Kc3 Rd5 87. Kc4 Ke6 $2 (87... Rd2 88. Rf1+ Ke5 89. Rg1 Kf4 90. Rf1+ Kg3 91. Rg1+ Rg2 92. Rh1 g4 93. Kd3 Kf2 94. Ke4 g3 95. Ra1 Rh2 96. Ra2+ Kf1 97. Ra1+ Kg2 98. Ra2+ Kh3 99. Ra7 g2 100. Kf3 g1=N+ 101. Kf4 Rf2+ 102. Ke3 Re2+ 103. Kd3 Re8 104. Rg7 Ne2 105. Rg5 Nf4+ 106. Kc4 Kh4 107. Rg7 Kh3 108. Rg5 Rc8+ 109. Kb5 Rc2 110. Rg7 Rg2 111. Rh7+ Kg4 112. Rg7+ Kf5 113. Rxg2 Nxg2) 88. Re1+ $11 Re5 89. Rg1 $2 {[%mdl 8192]} (89. Rf1 $11) 89... Rd5 $2 (89... Kf5 {mates} 90. Kd4 Re4+ 91. Kd3 g4 92. Rg2 Rf4 93. Ke2 Kg5 94. Rh2 g3 95. Rh7 Kg4 96. Ke3 Rf3+ 97. Ke4 Rf1 98. Rg7+ Kh3 99. Rh7+ Kg2 100. Rg7 Kf2 101. Rf7+ Kg1 102. Rh7 g2 103. Kd3 Rf2 104. Rg7 Kf1 105. Ke4 g1=Q 106. Rxg1+ Kxg1 107. Kd4 Ra2 108. Ke4 Kf2 109. Kd4 Ra5 110. Ke4 Ke2 111. Kd4 Kf3 112. Kc4 Ke3 113. Kb4 Rf5 114. Kc4 Re5 115. Kc3 Re4 116. Kc2 Rc4+ 117. Kb2 Kd2 118. Kb3 Rd4 119. Kb2 Rd3 120. Ka1 Kc1 121. Ka2 Kc2 122. Ka1 Ra3#) 90. Re1+ Re5 $2 {[%mdl 8192]} (90... Kd6 $11) 91. Rg1 Kf5 {Black mates.} 92. Rf1+ Ke4 93. Rg1 Ra5 94. Kc3 Ke3 95. Kc4 Kf2 96. Rg4 Kf3 97. Rg1 g4 98. Kd3 Rd5+ 99. Kc4 Rd8 100. Rf1+ Kg2 101. Ra1 g3 102. Ra3 Kh2 {Accuracy: White = 38%, Black = 61%.} 0-1